000 00380nam a2200157Ia 4500
003 Ost
005 20260225132541.0
008 260225s9999||||xx |||||||||||||| ||und||
040 _cfsic
041 _afre
082 _a657.45
100 _aHeléne Constanty
_eAuteur
245 0 _aInternet les nauveaux maitres de la planete /
245 0 _cHeléne Constanty
942 _cكتاب
999 _c33523
_d33523